Visualizzazione normale
Vista MARC
- Sanavio Marco (et al.)
di Personal Name
Records bibliografici associati: 1
001 - CONTROL NUMBER
- control field: 60660
003 - CONTROL NUMBER IDENTIFIER
- control field:
005 - DATE AND TIME OF LATEST TRANSACTION
- control field: 20240419111844.0
008 - FIXED-LENGTH DATA ELEMENTS
- fixed length control field: 240419|| aca||aabn | a|a d
040 ## - CATALOGING SOURCE
- Original cataloging agency:
- Transcribing agency:
100 ## - HEADING--PERSONAL NAME
- Personal name: Sanavio Marco (et al.)
670 ## - SOURCE DATA FOUND
- Source citation: Work cat.: ()360049: Sanavio Marco (et al.), L'intelligenza artificiale tra pericoli e opportunità., 2024